000 00407nam a22001697a 4500
005 20160630101304.0
008 160630b xxu||||| |||| 00| 0 eng d
020 _a978-93-5014-073-7
041 _aeng
082 _b19157
100 _aGupta, J B
_93167
245 _aElements of power system
260 _bS.K. Kataria & Sons
_c2012
300 _a372
650 _aDiploma Engineering
_9817
942 _cBK
999 _c4839
_d4837